Top 50 Instagram - Statistiques

Statistiques générales
  • Ce quiz a été pris 912 fois
  • Le résultat moyen est 13 sur 50
Statistiques - réponses
Place Nombres d'abonnés Comptes % Correct
2 376 M Cristiano Ronaldo
93%
3 289 M Lionel Messi
89%
25 117 M Cardi B
79%
8 269 M Kim Kardashian
76%
1 449 M Instagram
67%
4 288 M Kylie Jenner
65%
18 166 M Neymar Jr
58%
11 204 M Kendall Jenner
56%
6 281 M Ariana Grande
54%
9 223 M Beyoncé
53%
12 202 M Khloe Kardashian
53%
7 279 M Selena Gomez
53%
10 208 M Justin Bieber
51%
26 113 M Rihanna
51%
21 154 M Kourtney Kardashian
50%
14 190 M Taylor Swift
36%
33 97.9 M Drake
31%
30 104 M LeBron James
28%
19 164 M Nicki Minaj
25%
5 282 M Dwayne Johnson
24%
41 71.2 M Shakira
22%
- 186 M Nike
20%
37 76.1 M Dua Lipa
16%
22 144 M Katy Perry
16%
- 113 M Zendaya
16%
20 154 M Miley Cyrus
13%
34 97.6 M Billie Eillish
11%
40 71.4 M Gigi Hadid
11%
15 186 M Jennifer Lopez
11%
43 69.9 M David Beckham
9%
24 120 M Demi Lovato
7%
31 103 M FC Barcelone
7%
48 65.6 M Shawn Mendes
6%
- 65.6 M Snoop Dogg
6%
32 98.3 M Chris Brown
4%
23 130 M Kevin Hart
4%
13 196 M National Geographic
4%
36 77.1 M Vin Diesel
4%
28 111 M Ellen DeGeneres
3%
38 71.8 M NASA
3%
45 69.2 M Gal Gadot
2%
39 71.5 M Priyanka Chopra
2%
44 69.6 M Lalisa Manoban
1%
29 107 M Real Madrid CF
1%
35 85 M UEFA Champions League
1%
17 172 M Virat Kohli
1%
50 63.8 M Narendra Modi
0%
47 66.4 M Neha Kakkar
0%
46 68.3 M Shraddha Kapoor
0%
42 70.9 M Victoria's Secret
0%
Aucun quiz correspondant
Distribution des résultats
% des personnes avec chaque résultat
Percentile par nombre de réponses
Votre historique - résultats
Vous n’avez pas pris ce quiz